[Event "?"]
[Site "ICS rated blitz match, 208.19"]
[Date "1997.??.??"]
[Round "?"]
[White "Brause"]
[Black "oldtimer"]
[Result "0-1"]
[WhiteElo "2485"]
[BlackElo "2505"]
[PlyCount "170"]

1. e4 e5 2. Nf3 Nc6 3. Nc3 Nf6 4. Nxe5 Nxe5 5. d4 Ng6 6. e5 Ng8 7. Bc4 d5 8.
Bxd5 c6 9. Be4 f5 10. Bf3 Bb4 11. O-O Be6 12. a3 Bxc3 13. bxc3 N8e7 14. Bg5 h6
15. Be3 O-O 16. Bh5 Kh7 17. Qf3 Qd5 18. Bd2 Qxf3 19. Bxf3 Bc4 20. Rfb1 b6 21.
Re1 Nd5 22. g3 Nge7 23. a4 Nc7 24. a5 b5 25. Bc1 Ncd5 26. Bb2 a6 27. Rad1 Rfe8
28. Rd2 g6 29. Ba3 Rac8 30. Bb4 Kg7 31. Rb1 Kf7 32. Rb2 Ke6 33. Bg2 g5 34. h3
Rg8 35. Kh2 Rg7 36. Rb1 Rcg8 37. g4 Nxb4 38. cxb4 Bd5 39. Rd3 Bxg2 40. Kxg2 Nd5
41. Rd2 Rf7 42. Rb3 Rgf8 43. Kg3 Nf4 44. gxf5+ Rxf5 45. Rc3 Kd7 46. Rb3 Nd5 47.
Kg2 Ke6 48. Kg3 h5 49. Kg2 g4 50. hxg4 hxg4 51. Rg3 Rf4 52. c3 Ne7 53. Rc2 Kd5
54. Re3 Rf3 55. Re1 Ng6 56. Kf1 Nf4 57. Re3 Ne6 58. Rce2 g3 59. Rxf3 Rxf3 60.
Re3 Rxe3 61. fxe3 Ke4 62. Kg2 Kxe3 63. Kxg3 Kd3 64. Kg4 Kxc3 65. Kf3 Kxd4 66.
Ke2 Kxe5 67. Ke3 Nf4 68. Kf3 Nd5 69. Kg3 Nxb4 70. Kf3 Kf5 71. Ke2 Kf4 72. Kd1
Kf3 73. Kc1 Ke2 74. Kb1 Kd2 75. Ka1 Kc3 76. Kb1 Nd3 77. Ka1 Kb3 78. Kb1 c5 79.
Ka1 c4 80. Kb1 b4 81. Ka1 Ka3 82. Kb1 b3 83. Ka1 c3 84. Kb1 c2+ 85. Ka1 b2# 0-1

[Event "?"]
[Site "ICS rated blitz match, 208.19"]
[Date "1997.??.??"]
[Round "?"]
[White "Brause"]
[Black "oldtimer"]
[Result "0-1"]
[WhiteElo "2475"]
[BlackElo "2550"]
[PlyCount "236"]

1. e4 e5 2. Nf3 Nc6 3. Nc3 Nf6 4. Nxe5 Nxe5 5. d4 Ng6 6. e5 Ng8 7. Bc4 d5 8.
Bxd5 c6 9. Be4 f5 10. Bf3 Bb4 11. O-O Be6 12. a3 Bxc3 13. bxc3 N8e7 14. Qd3 b5
15. Bg5 Qd7 16. Rfe1 O-O 17. a4 a6 18. axb5 axb5 19. Rxa8 Rxa8 20. g3 Bc4 21.
Qd2 Qe6 22. h4 h6 23. Be3 Nd5 24. Rc1 Nge7 25. Qe1 Kh7 26. h5 Ra4 27. Bd2 Qd7
28. Rb1 Ra2 29. Bd1 Nc7 30. Rc1 Ned5 31. Bf3 Qe6 32. Bg2 Nb6 33. Qd1 Bd5 34.
Ra1 Bxg2 35. Rxa2 Qxa2 36. Kxg2 Qd5+ 37. Kg1 Nc4 38. Bf4 Ne6 39. Qd3 Qe4 40.
Qxe4 fxe4 41. Bc1 Kg8 42. Kg2 Kf7 43. f3 exf3+ 44. Kxf3 Nc7 45. Ke4 Ke6 46. g4
Nd5 47. Kd3 Ndb6 48. g5 hxg5 49. Bxg5 Na4 50. h6 gxh6 51. Bxh6 Kd5 52. Bg5 Ke6
53. Bf6 Kf5 54. Bg7 Ke6 55. Bf8 Kd5 56. Bg7 Ncb6 57. Bh6 Na8 58. Be3 Nc7 59.
Bg1 Ne6 60. Bh2 Nb2+ 61. Kd2 Ke4 62. Bg1 Nf4 63. Ke1 Nd5 64. Bf2 Nc4 65. Bh4
Kf5 66. Ke2 Nxc3+ 67. Kd3 Nd5 68. c3 Nf4+ 69. Kc2 Ke4 70. Be7 Ne3+ 71. Kd2 Ne6
72. Bb4 Nd5 73. Bd6 Nb6 74. Be7 Nc4+ 75. Kc2 Kd5 76. Kb3 Nxd4+ 77. cxd4 Kxd4
78. e6 Kd5 79. Kb4 Kxe6 80. Bd8 Kd5 81. Bc7 Ne5 82. Bb6 Nd3+ 83. Kc3 Ne5 84.
Kb4 Nd7 85. Ba7 Kd6 86. Bd4 Kc7 87. Be3 Kb7 88. Bf2 Ka6 89. Kc3 c5 90. Kb3 Kb6
91. Be1 Kc6 92. Ba5 Kd5 93. Bd2 Ne5 94. Bc3 Nc6 95. Kc2 c4 96. Kd2 b4 97. Bf6
Ke4 98. Ba1 Nd4 99. Bb2 Nb3+ 100. Kc2 Ke3 101. Be5 Nd4+ 102. Kb1 Kd3 103. Bd6
b3 104. Ba3 Nb5 105. Bc1 c3 106. Bb2 cxb2 107. Kxb2 Nd4 108. Kc1 Kc3 109. Kd1
Kd3 110. Kc1 Kc3 111. Kd1 b2 112. Ke1 b1=Q+ 113. Kf2 Qg6 114. Kf1 Kd2 115. Kf2
Qg4 116. Kf1 Nf5 117. Kf2 Qg3+ 118. Kf1 Ne3# 0-1

[Event "?"]
[Site "ICS rated blitz match, 208.19"]
[Date "1997.??.??"]
[Round "?"]
[White "Brause"]
[Black "Deadline"]
[Result "1-0"]
[WhiteElo "2450"]
[BlackElo "1930"]
[PlyCount "57"]

1. e4 e5 2. Nf3 Nc6 3. Nc3 Nf6 4. Nxe5 Nxe5 5. d4 Nc6 6. d5 Nb8 7. e5 Ng8 8. d6
cxd6 9. exd6 Qb6 10. Nb5 Na6 11. Qe2+ Kd8 12. Be3 Qc6 13. O-O-O Nf6 14. Nxa7
Rxa7 15. Bxa7 Bxd6 16. Bd4 Re8 17. Bxf6+ gxf6 18. Qd3 Be5 19. Qxh7 d5 20. Bxa6
Qxa6 21. Rxd5+ Kc7 22. Qxf7+ Kb8 23. Qxe8 Qxa2 24. Rxe5 Qa1+ 25. Kd2 Qxh1 26.
Rc5 Qxg2 27. Qxc8+ Ka7 28. Ra5+ Kb6 29. Qc5# 1-0

[Event "?"]
[Site "ICS rated blitz match, 208.19"]
[Date "1997.??.??"]
[Round "?"]
[White "Brause"]
[Black "lhg"]
[Result "1-0"]
[WhiteElo "2460"]
[BlackElo "2215"]
[PlyCount "142"]

1. e4 e5 2. Nf3 Nc6 3. Nc3 Nf6 4. Nxe5 Nxe5 5. d4 Ng6 6. e5 Ng8 7. Bc4 Bb4 8.
Qf3 Qe7 9. O-O Bxc3 10. bxc3 Nh6 11. g3 O-O 12. Qh5 d5 13. Bxd5 c6 14. Bf3 c5
15. Ba3 b6 16. Bc1 cxd4 17. Bxa8 Bg4 18. Qg5 Qxg5 19. Bxg5 Rxa8 20. Bxh6 gxh6
21. cxd4 Be6 22. Rfd1 Bd5 23. f4 Rc8 24. Rd2 Ne7 25. Kf2 Nc6 26. a3 Na5 27. Kg1
Rc3 28. a4 h5 29. f5 Kg7 30. f6+ Kg6 31. Kf2 Nc4 32. Re2 Be6 33. Ke1 Na5 34.
Kd2 Rc8 35. Ke3 Nc4+ 36. Ke4 Bf5+ 37. Kf4 Na5 38. Rd2 Nc4 39. Rg2 Be6 40. Rf2
Na5 41. Ra3 Rc4 42. c3 Rc8 43. Ke4 Rd8 44. Ra1 Bd5+ 45. Kd3 Nc4 46. Rg1 h6 47.
Re2 Kg5 48. Rf2 a6 49. Ra1 Kg6 50. Rg1 Kh7 51. Rb1 Rg8 52. Rf4 a5 53. Rb5 Rd8
54. Rxd5 Rxd5 55. Kxc4 Rd8 56. Kb5 Rb8 57. Kc6 Kg8 58. Kc7 Re8 59. Kxb6 Rb8+
60. Kxa5 Rb3 61. c4 Rc3 62. c5 Rc4 63. Kb5 Rc1 64. c6 h4 65. Rxh4 h5 66. d5 Kh7
67. d6 Kg6 68. d7 Rb1+ 69. Kc5 Rc1+ 70. Kd5 Rd1+ 71. Rd4 Rc1 1-0

[Event "?"]
[Site "ICS rated blitz match, 208.19"]
[Date "1997.??.??"]
[Round "?"]
[White "Brause"]
[Black "Tyrisha"]
[Result "1-0"]
[WhiteElo "2455"]
[BlackElo "1935"]
[PlyCount "24"]

1. e4 e5 2. Nf3 Nc6 3. Nc3 Nf6 4. Nxe5 Nxe5 5. d4 Ng6 6. e5 Ng8 7. Bc4 d6 8.
Qf3 Qe7 9. Bb5+ Bd7 10. Qxb7 Rd8 11. Nd5 Bxb5 12. Nxe7 N8xe7 1-0

[Event "?"]
[Site "ICS rated blitz match, 208.19"]
[Date "1997.??.??"]
[Round "?"]
[White "Brause"]
[Black "lhg"]
[Result "1-0"]
[WhiteElo "2475"]
[BlackElo "2270"]
[PlyCount "93"]

1. e4 e5 2. Nf3 Nc6 3. Nc3 Nf6 4. Nxe5 Nxe5 5. d4 Ng6 6. e5 Ng8 7. Bc4 d6 8.
Qf3 f6 9. Qh5 c6 10. Bd3 Kf7 11. Bxg6+ hxg6 12. Qxh8 Nh6 13. Bxh6 gxh6 14.
Qxf6+ Qxf6 15. exf6 Kxf6 16. Kd2 d5 17. Rae1 h5 18. f4 Bh6 19. Rhf1 Bf5 20. Nd1
Bg7 21. c3 Be4 22. g3 a5 23. Nf2 Bf5 24. Re5 Kf7 25. Re2 b5 26. Nd3 Bf6 27.
Ne5+ Bxe5 28. fxe5 Ke6 29. Rf3 Rf8 30. Ke3 Ra8 31. Ref2 a4 32. Rd2 Ke7 33. Rf4
Ke6 34. Rf1 Rb8 35. Rdf2 b4 36. Rc1 b3 37. axb3 axb3 38. c4 Rb6 39. cxd5+ cxd5
40. h3 Ra6 41. g4 hxg4 42. hxg4 Ra2 43. gxf5+ gxf5 44. Rc6+ Kd7 45. Rb6 Kc7 46.
Rxb3 f4+ 47. Kxf4 1-0

[Event "?"]
[Site "ICS rated blitz match, 208.19"]
[Date "1997.??.??"]
[Round "?"]
[White "Brause"]
[Black "zalina"]
[Result "1-0"]
[WhiteElo "2490"]
[BlackElo "1915"]
[PlyCount "34"]

1. e4 e5 2. Nf3 Nc6 3. Nc3 Nf6 4. Nxe5 Nxe5 5. d4 Nc6 6. d5 Ne5 7. f4 Neg4 8.
e5 Nxe5 9. fxe5 Nxd5 10. Qxd5 d6 11. Bc4 Be6 12. Qxb7 Bxc4 13. Qc6+ Qd7 14.
Qxa8+ Ke7 15. Qxa7 Qg4 16. Qxc7+ Ke6 17. Qc8+ Ke7 1-0

[Event "?"]
[Site "ICS rated blitz match, 208.19"]
[Date "1997.??.??"]
[Round "?"]
[White "Brause"]
[Black "JACKALGM"]
[Result "1-0"]
[WhiteElo "2475"]
[BlackElo "2145"]
[PlyCount "53"]

1. e4 e5 2. Nf3 Nc6 3. Nc3 Nf6 4. Nxe5 Nxe5 5. d4 Ng6 6. e5 Ng8 7. Bc4 c6 8.
Qe2 b5 9. Nxb5 cxb5 10. Bxf7+ Kxf7 11. Qf3+ Ke8 12. Qxa8 d6 13. exd6 Bxd6 14.
Qxa7 Qe7+ 15. Qxe7+ N8xe7 16. Be3 Bf5 17. c3 Nd5 18. a4 Nxe3 19. fxe3 b4 20. c4
Kd7 21. c5 Bc7 22. O-O Re8 23. Rxf5 Rxe3 24. Rf7+ Re7 25. Rxe7+ Nxe7 26. a5 Kc6
27. a6 1-0

[Event "?"]
[Site "ICS rated blitz match, 208.19"]
[Date "1997.??.??"]
[Round "?"]
[White "Brause"]
[Black "lhg"]
[Result "1-0"]
[WhiteElo "2480"]
[BlackElo "2280"]
[PlyCount "105"]

1. e4 e5 2. Nf3 Nc6 3. Nc3 Nf6 4. Nxe5 Nxe5 5. d4 Nc6 6. d5 Ne5 7. f4 Ng6 8. e5
Ng8 9. d6 cxd6 10. exd6 Bxd6 11. Qxd6 Qe7+ 12. Qxe7+ N8xe7 13. Bc4 b6 14. O-O
Bb7 15. Rd1 Rc8 16. Nb5 Nf5 17. Bxf7+ Kxf7 18. Rxd7+ Kf6 19. Rxb7 Rxc2 20. Na3
Re2 21. g4 Nfh4 22. g5+ Kf5 23. Rxg7 Nf3+ 24. Kf1 Rxh2 25. Nc4 Ngh4 26. Rxa7
Rd8 27. Ne3+ Ke4 28. Ra4+ Kd3 29. Ng4 Rh1+ 30. Kf2 Rc8 31. Ra3+ Ke4 32. Rc3
Rxc3 33. bxc3 Kf5 34. Nf6 Rh2+ 35. Ke3 Rc2 36. Kd3 Ne1+ 37. Kc4 Nhf3 38. a4 Ng1
39. Be3 Ngf3 40. Bxb6 Kxf4 41. Nxh7 Ne5+ 42. Kb3 Re2 43. Bc7 N1d3 44. Rf1+ Ke4
45. Nf6+ Ke3 46. Bxe5 Nxe5 47. Nd5+ Ke4 48. c4 Rg2 49. Re1+ Kd4 50. Nf4 Rg3+
51. Kb4 Nxc4 52. Ne2+ Kd3 53. Nxg3 1-0

[Event "?"]
[Site "ICS rated blitz match, 208.19"]
[Date "1997.??.??"]
[Round "?"]
[White "Brause"]
[Black "Jedi"]
[Result "1-0"]
[WhiteElo "2495"]
[BlackElo "2085"]
[PlyCount "43"]

1. e4 e5 2. Nf3 Nc6 3. Nc3 Nf6 4. Nxe5 Nxe5 5. d4 Ng6 6. e5 Ng8 7. Bc4 f5 8.
O-O Qh4 9. g3 Qg4 10. Be2 Qh3 11. Bf3 c6 12. b3 Bb4 13. Ne2 N8e7 14. Kh1 f4 15.
Nxf4 Nxf4 16. Bxf4 h5 17. Qd3 Qf5 18. Be4 Qe6 19. c3 Ba5 20. c4 Bd8 21. d5 Qf7
22. d6 1-0

[Event "?"]
[Site "ICS rated blitz match, 208.19"]
[Date "1997.??.??"]
[Round "?"]
[White "Brause"]
[Black "oldtimer"]
[Result "0-1"]
[WhiteElo "2500"]
[BlackElo "2460"]
[PlyCount "202"]

1. e4 e5 2. Nf3 Nc6 3. Nc3 Nf6 4. Nxe5 Nxe5 5. d4 Ng6 6. e5 Ng8 7. Bc4 d5 8.
Nxd5 Be6 9. Ne3 Bxc4 10. Nxc4 c5 11. d5 b5 12. Na3 Nxe5 13. Nxb5 Qa5+ 14. Nc3
Qa6 15. Bf4 Bd6 16. Qh5 Nf6 17. Qf5 Ned7 18. Bxd6 Qxd6 19. O-O O-O 20. Rfe1 Nb6
21. Rad1 Rfe8 22. Ne4 Nxe4 23. Rxe4 Qg6 24. Qxg6 hxg6 25. f3 f5 26. Re6 Rxe6
27. dxe6 Kf8 28. Re1 Ke7 29. c3 Rd8 30. b3 c4 31. g4 fxg4 32. fxg4 Rd2 33. bxc4
Nxc4 34. Re4 Nb6 35. a3 Rd6 36. Re5 Rxe6 37. Ra5 Nc8 38. Rc5 Kd7 39. Rd5+ Rd6
40. Rb5 Rc6 41. Rd5+ Ke6 42. Rd3 Ne7 43. Re3+ Kd6 44. Kf2 Nd5 45. Re4 Nxc3 46.
Rb4 Nd5 47. Ra4 a6 48. h4 Nc7 49. Rd4+ Ke5 50. Rd3 Nd5 51. Kf3 Rc3 52. Rxc3
Nxc3 53. Ke3 a5 54. Kd3 Nb5 55. Kc4 Nxa3+ 56. Kb3 Nb5 57. Ka4 Nc3+ 58. Kxa5 Kf4
59. g5 Ne4 60. Kb4 Kg4 61. Kc4 Kxh4 62. Kd5 Nxg5 63. Kc4 Kg3 64. Kd3 Kf2 65.
Kd4 Kf3 66. Kc3 Ne4+ 67. Kc2 g5 68. Kd1 g4 69. Ke1 Ng3 70. Kd2 g5 71. Kd1 Kf2
72. Kc2 Ne2 73. Kd3 Kf3 74. Kc4 Ke4 75. Kc5 g3 76. Kd6 g2 77. Ke7 Ke5 78. Kd7
g1=Q 79. Kc6 Qa7 80. Kb5 Qc7 81. Ka6 Qb8 82. Ka5 Qb7 83. Ka4 Qb6 84. Ka3 Qb5
85. Ka2 Qb4 86. Ka1 Nd4 87. Ka2 Kf4 88. Ka1 Qa3+ 89. Kb1 Qb3+ 90. Kc1 Qa2 91.
Kd1 Qb2 92. Ke1 Qc2 93. Kf1 Qd2 94. Kg1 Qe2 95. Kh1 Kg3 96. Kg1 Kh3 97. Kh1 g4
98. Kg1 g3 99. Kh1 Qa6 100. Kg1 Nf3+ 101. Kh1 g2# 0-1

[Event "?"]
[Site "ICS rated blitz match, 208.19"]
[Date "1997.??.??"]
[Round "?"]
[White "Brause"]
[Black "oldtimer"]
[Result "1-0"]
[WhiteElo "2480"]
[BlackElo "2480"]
[PlyCount "130"]

1. e4 e5 2. Nf3 Nc6 3. Nc3 Nf6 4. Nxe5 Nxe5 5. d4 Ng6 6. e5 Ng8 7. Bc4 d5 8.
Nxd5 Be6 9. Ne3 Bxc4 10. Nxc4 c5 11. d5 b5 12. Na3 Nxe5 13. Nxb5 Qa5+ 14. Nc3
Qa6 15. Bf4 Bd6 16. Qh5 Nf6 17. Qf5 Ned7 18. Bxd6 Qxd6 19. O-O O-O 20. Rad1
Rfe8 21. Rfe1 Re5 22. Rxe5 Qxe5 23. Qxe5 Nxe5 24. f4 Nc4 25. b3 Nd6 26. Re1 Kf8
27. Re5 Rb8 28. h3 Rb4 29. Ne2 c4 30. g4 Rb5 31. Kh2 h6 32. Nd4 cxb3 33. axb3
Rxd5 34. Rxd5 Nxd5 35. Nc6 a6 36. Kg3 Ke8 37. c4 Nc7 38. f5 Ne4+ 39. Kf4 Nd2
40. Na5 Kd7 41. Ke3 Nb1 42. Kd3 Ne8 43. Kc2 Na3+ 44. Kb2 Nxc4+ 45. Nxc4 Nc7 46.
Kc3 Ke7 47. Kd4 Kf6 48. Kc5 Kg5 49. Nd6 Kh4 50. Kc6 Nb5 51. Nxf7 Nd4+ 52. Kd5
Nxb3 53. Nxh6 Kg5 54. Nf7+ Kf6 55. Nd6 a5 56. Ne4+ Kf7 57. Kc4 Nc1 58. Kb5 Nd3
59. g5 Nf4 60. h4 Ng2 61. h5 Nf4 62. h6 gxh6 63. gxh6 Nh5 64. Kxa5 Kg8 65. f6
Nxf6 1-0

[Event "?"]
[Site "ICS rated blitz match, 208.19"]
[Date "1997.??.??"]
[Round "?"]
[White "Brause"]
[Black "oldtimer"]
[Result "1/2-1/2"]
[WhiteElo "2500"]
[BlackElo "2465"]
[PlyCount "105"]

1. e4 e5 2. Nf3 Nc6 3. Nc3 Nf6 4. Nxe5 Nxe5 5. d4 Ng6 6. e5 Ng8 7. Bc4 d5 8.
Nxd5 Be6 9. Ne3 Bxc4 10. Nxc4 c5 11. d5 b5 12. Na3 Nxe5 13. Nxb5 Qa5+ 14. Nc3
Qa6 15. Bf4 Bd6 16. Qe2 Qxe2+ 17. Nxe2 Nf6 18. O-O-O O-O 19. Bxe5 Bxe5 20. g3
Ne4 21. Rhf1 Nd6 22. Ng1 Rfe8 23. Nf3 Bf6 24. Rde1 Kf8 25. c3 Rxe1+ 26. Rxe1
Re8 27. Rxe8+ Kxe8 28. Nd2 g5 29. Kc2 g4 30. Kd3 Kd7 31. a3 Bg5 32. f4 gxf3 33.
Nxf3 Bf6 34. Nd2 a5 35. Nc4 Nxc4 36. Kxc4 Kd6 37. b4 cxb4 38. cxb4 axb4 39.
axb4 Ke5 40. b5 Kd6 41. g4 Be5 42. h3 Bf6 43. b6 Bd8 44. Kb5 Kxd5 45. Ka6 Ke5
46. b7 Bc7 47. Kb5 Kd5 48. g5 Bb8 49. h4 Bc7 50. Ka6 Bb8 51. Kb5 Bg3 52. Kb6
Bb8 53. Kb5 1/2-1/2

[Event "?"]
[Site "ICS rated blitz match, 208.19"]
[Date "1997.??.??"]
[Round "?"]
[White "Brause"]
[Black "Kiriakos"]
[Result "1-0"]
[WhiteElo "2520"]
[BlackElo "2040"]
[PlyCount "57"]

1. e4 e5 2. Nf3 Nc6 3. Nc3 Nf6 4. Nxe5 Nxe5 5. d4 Ng6 6. e5 Be7 7. Bc4 O-O 8.
exf6 Bxf6 9. O-O c6 10. d5 d6 11. Bd2 Bf5 12. dxc6 bxc6 13. Qf3 Qd7 14. Bd3
Bxd3 15. Qxd3 d5 16. Rae1 Rfe8 17. b4 Ne5 18. Qg3 Nc4 19. Bg5 Bxg5 20. Qxg5 h6
21. Qf4 Rxe1 22. Rxe1 Re8 23. Rb1 Na3 24. Rc1 Nxc2 25. h4 Na3 26. Na4 Nc4 27.
Nc5 Qd6 28. Rxc4 dxc4 29. Qxd6 1-0

[Event "?"]
[Site "ICS rated blitz match, 208.19"]
[Date "1997.??.??"]
[Round "?"]
[White "Brause"]
[Black "Kiriakos"]
[Result "1-0"]
[WhiteElo "2525"]
[BlackElo "2040"]
[PlyCount "79"]

1. e4 e5 2. Nf3 Nc6 3. Nc3 Nf6 4. Nxe5 Nxe5 5. d4 Ng6 6. e5 Be7 7. Bc4 O-O 8.
exf6 Bxf6 9. O-O c6 10. d5 d6 11. Bd2 Bf5 12. dxc6 bxc6 13. Qf3 Qd7 14. Bd3
Bxd3 15. Qxd3 d5 16. Rae1 Rfe8 17. Qf3 Ne5 18. Qf4 Nc4 19. Rxe8+ Rxe8 20. Bc1
Bxc3 21. bxc3 Qd6 22. Qxd6 Nxd6 23. Be3 a5 24. g3 Nc4 25. Rb1 f6 26. Bc5 Re2
27. Rc1 Kf7 28. Kf1 Re8 29. Ba7 Ra8 30. Bc5 Rb8 31. a4 Rb2 32. Kg2 Kg6 33. Ra1
Rxc2 34. Bd4 Rb2 35. Re1 Ra2 36. Re6 Rxa4 37. Rxc6 Ra2 38. Rc5 a4 39. Rxd5 a3
40. Rc5 1-0

[Event "?"]
[Site "ICS rated blitz match, 208.19"]
[Date "1997.??.??"]
[Round "?"]
[White "Brause"]
[Black "Kiriakos"]
[Result "1-0"]
[WhiteElo "2525"]
[BlackElo "2035"]
[PlyCount "99"]

1. e4 e5 2. Nf3 Nc6 3. Nc3 Nf6 4. Nxe5 Nxe5 5. d4 Ng6 6. e5 Be7 7. Bc4 O-O 8.
exf6 Bxf6 9. O-O c6 10. d5 d6 11. Bd2 Bf5 12. dxc6 bxc6 13. Qf3 Qd7 14. Bd3
Bxd3 15. Qxd3 d5 16. Rae1 Rfe8 17. Qf3 Ne5 18. Qf4 Nc4 19. Rxe8+ Rxe8 20. Bc1
Bxc3 21. bxc3 Qd6 22. Qxd6 Nxd6 23. Be3 a5 24. Re1 Nc4 25. h3 Nxe3 26. Rxe3
Rxe3 27. fxe3 Kf8 28. Kf2 Ke7 29. Ke2 Ke6 30. Kd3 f5 31. Kd4 Kd6 32. c4 c5+ 33.
Kc3 g5 34. Kb3 d4 35. exd4 cxd4 36. Ka4 f4 37. Kb5 h5 38. c5+ Kc7 39. Kc4 g4
40. hxg4 hxg4 41. Kxd4 f3 42. gxf3 gxf3 43. Ke3 Kc6 44. Kxf3 Kxc5 45. Ke3 Kc4
46. Kd2 a4 47. c3 Kc5 48. Kd3 Kd5 49. c4+ Kc5 50. Kc3 1-0

[Event "?"]
[Site "ICS rated blitz match, 208.19"]
[Date "1997.??.??"]
[Round "?"]
[White "Brause"]
[Black "DDoha"]
[Result "1-0"]
[WhiteElo "2535"]
[BlackElo "2050"]
[PlyCount "37"]

1. e4 e5 2. Nf3 Nc6 3. Nc3 Nf6 4. Nxe5 Nxe5 5. d4 Nc6 6. d5 Ne5 7. f4 Ng6 8. e5
Ng8 9. d6 cxd6 10. exd6 Nf6 11. Nb5 Bxd6 12. Nxd6+ Kf8 13. Bc4 Qe7+ 14. Kf1 b6
15. Qd4 h5 16. Bd2 h4 17. Re1 Qd8 18. Nxf7 Qc7 19. Bb4+ 1-0

[Event "?"]
[Site "ICS rated blitz match, 208.19"]
[Date "1997.??.??"]
[Round "?"]
[White "Brause"]
[Black "DDoha"]
[Result "1-0"]
[WhiteElo "2535"]
[BlackElo "2050"]
[PlyCount "69"]

1. e4 e5 2. Nf3 Nc6 3. Nc3 Nf6 4. Nxe5 Nxe5 5. d4 Ng6 6. e5 Ng8 7. Bc4 d5 8.
Nxd5 c6 9. Nf4 Nxf4 10. Bxf4 Be6 11. Bxe6 fxe6 12. O-O Ne7 13. Bg5 h6 14. Qh5+
g6 15. Qh4 Qd7 16. Bf6 Rg8 17. c3 O-O-O 18. Rfe1 g5 19. Qe4 Nd5 20. Bxd8 Qxd8
21. f3 Nf4 22. Rad1 Be7 23. Rd2 Qb6 24. Qh7 Re8 25. Qxh6 c5 26. Kh1 cxd4 27.
cxd4 Bb4 28. Rc2+ Kb8 29. Rd1 Rd8 30. Qxg5 Nd5 31. a3 Be7 32. Qd2 Rh8 33. Kg1
Rh5 34. Rdc1 Bg5 35. Rc8# 1-0

[Event "?"]
[Site "ICS rated blitz match, 208.19"]
[Date "1997.??.??"]
[Round "?"]
[White "Brause"]
[Black "DDoha"]
[Result "1-0"]
[WhiteElo "2540"]
[BlackElo "2045"]
[PlyCount "45"]

1. e4 e5 2. Nf3 Nc6 3. Nc3 Nf6 4. Nxe5 Nxe5 5. d4 Bb4 6. dxe5 Nxe4 7. Qg4 Bxc3+
8. bxc3 f5 9. Qxg7 Rf8 10. Qxh7 Qe7 11. Qxe7+ Kxe7 12. c4 Re8 13. f3 Nc5 14.
Bf4 Kf7 15. O-O-O Ne6 16. Bg3 b6 17. Bd3 Kg6 18. h4 Nc5 19. h5+ Kg5 20. f4+ Kg4
21. Rh3 Nxd3+ 22. Rxd3 Rh8 23. Rh4# 1-0

[Event "?"]
[Site "ICS rated blitz match, 208.19"]
[Date "1997.??.??"]
[Round "?"]
[White "Brause"]
[Black "oldtimer"]
[Result "1-0"]
[WhiteElo "2565"]
[BlackElo "2465"]
[PlyCount "56"]

1. e4 e5 2. Nf3 Nc6 3. Nc3 Nf6 4. Nxe5 Nxe5 5. d4 Ng6 6. e5 Ng8 7. Bc4 d5 8.
Nxd5 Be6 9. Ne3 Bxc4 10. Nxc4 c5 11. d5 b5 12. Na3 Nxe5 13. Nxb5 Qa5+ 14. Nc3
Qa6 15. Bf4 Bd6 16. Ne4 Nf6 17. Nxd6+ Qxd6 18. Qe2 Nfd7 19. Bxe5 Qxe5 20. Qxe5+
Nxe5 21. f4 Nc4 22. O-O-O Nd6 23. Rhe1+ Kd7 24. Re3 Rhe8 25. Rdd3 f5 26. Ra3 a5
27. Rxe8 Kxe8 28. Re3+ Kf7 1-0

[Event "?"]
[Site "ICS rated blitz match, 208.19"]
[Date "1997.??.??"]
[Round "?"]
[White "Brause"]
[Black "GeorgeJohn"]
[Result "1-0"]
[WhiteElo "2575"]
[BlackElo "2290"]
[PlyCount "31"]

1. e4 e5 2. Nf3 Nc6 3. Nc3 Nf6 4. Nxe5 Nxe5 5. d4 Nc6 6. d5 Ne5 7. f4 Ng6 8. e5
Qe7 9. Qe2 Ng8 10. d6 cxd6 11. Nd5 Qd8 12. Nc7+ Ke7 13. exd6+ Kxd6 14. Ne8+ Kc5
15. Qc4+ Kb6 16. Qb5# 1-0

[Event "?"]
[Site "ICS rated blitz match, 208.19"]
[Date "1997.??.??"]
[Round "?"]
[White "Brause"]
[Black "Dorobanov"]
[Result "1/2-1/2"]
[WhiteElo "2565"]
[BlackElo "2425"]
[PlyCount "175"]

1. e4 e5 2. Nf3 Nc6 3. Nc3 Nf6 4. Nxe5 Nxe5 5. d4 Ng6 6. e5 Ng8 7. Bc4 d5 8.
Nxd5 Be6 9. Ne3 Bxc4 10. Nxc4 c5 11. d5 b5 12. Na3 Nxe5 13. Nxb5 Qa5+ 14. Nc3
Bd6 15. O-O Ne7 16. f4 Nd7 17. Qg4 g6 18. Re1 Rd8 19. Qh4 O-O 20. Rxe7 Bxe7 21.
Qxe7 Rfe8 22. Qg5 Qb4 23. f5 Qd4+ 24. Kf1 Nf6 25. fxg6 hxg6 26. Qf4 Nxd5 27.
Qxd4 cxd4 28. Nb5 Ne3+ 29. Bxe3 dxe3 30. Nxa7 Rd2 31. a3 Rxc2 32. b4 Rf2+ 33.
Kg1 Rd2 34. Nc6 e2 35. Re1 Ra2 36. Kf2 Rxa3 37. Rxe2 Rxe2+ 38. Kxe2 Ra6 39. b5
Rb6 40. Nd4 Kf8 41. Kd3 Ke7 42. Kc4 Kd6 43. h4 Rb8 44. Nc6 Re8 45. Kd4 Re2 46.
g4 Rg2 47. Ne5 f6 48. Nc4+ Kc7 49. Ne3 Rh2 50. Nd5+ Kb7 51. Nxf6 Rxh4 52. Kc5
Rh1 53. Ne4 Rg1 54. g5 Rg4 55. Nd6+ Kb8 56. Nf7 Rf4 57. Ne5 Rf5 58. Kd4 Rxg5
59. b6 Kb7 60. Nc4 Rg4+ 61. Kc5 g5 62. Na5+ Kb8 63. Nc6+ Kc8 64. Ne5 Rg1 65.
Kc6 Rc1+ 66. Kb5 Kb7 67. Ng4 Rb1+ 68. Kc5 Rxb6 69. Ne5 Re6 70. Kd5 Re8 71. Kd6
Rg8 72. Ng4 Rg6+ 73. Kd5 Kc7 74. Ke4 Ra6 75. Ne5 Kd6 76. Nf7+ Ke7 77. Nxg5 Kf6
78. Nf3 Ra4+ 79. Nd4 Kg5 80. Ke3 Kg4 81. Ke4 Kg3 82. Ke5 Kf2 83. Ke4 Ra3 84.
Nc6 Ke2 85. Nd4+ Kd2 86. Nf3+ Kc1 87. Ng5 Re3+ 88. Kxe3 1/2-1/2

[Event "?"]
[Site "ICS rated blitz match, 208.19"]
[Date "1997.??.??"]
[Round "?"]
[White "Brause"]
[Black "oldtimer"]
[Result "0-1"]
[WhiteElo "2535"]
[BlackElo "2505"]
[PlyCount "78"]

1. e4 e5 2. Nf3 Nc6 3. Nc3 Nf6 4. Nxe5 Nxe5 5. d4 Ng6 6. e5 Ng8 7. Bc4 d5 8.
Nxd5 Be6 9. Ne3 Bxc4 10. Nxc4 c5 11. d5 b5 12. Na3 Nxe5 13. Nxb5 Qa5+ 14. Nc3
Bd6 15. O-O Ne7 16. f4 Nd7 17. Qg4 g6 18. Re1 Rd8 19. Qh4 O-O 20. Rxe7 Bxe7 21.
Qxe7 Rfe8 22. Qg5 Qb4 23. f5 Qd4+ 24. Kf1 Nf6 25. fxg6 fxg6 26. Qd2 Qe5 27. g4
Nxg4 28. Kg1 Rf8 29. a3 Rf2 30. Qxf2 Nxf2 31. Kxf2 Rf8+ 32. Kg2 Qe1 33. Bf4
Qxa1 34. Ne2 Qe1 35. Ng3 Rxf4 36. Kh3 g5 37. Kg2 Qf2+ 38. Kh1 Rh4 39. d6 Rxh2#
0-1

[Event "?"]
[Site "ICS rated blitz match, 208.19"]
[Date "1997.??.??"]
[Round "?"]
[White "Brause"]
[Black "AdamfromEC"]
[Result "1-0"]
[WhiteElo "2570"]
[BlackElo "1935"]
[PlyCount "47"]

1. e4 e5 2. Nf3 Nc6 3. Nc3 Nf6 4. Nxe5 Nxe5 5. d4 Nc6 6. d5 Nb8 7. e5 Ng8 8. d6
f6 9. exf6 Nxf6 10. Qe2+ Kf7 11. Qc4+ Ke8 12. dxc7 Qe7+ 13. Be3 Nc6 14. O-O-O
Qb4 15. Nd5 Qxc4 16. Bxc4 Nxd5 17. Rxd5 Be7 18. Re1 Rf8 19. Rh5 h6 20. Bc5 b6
21. Bxe7 Nxe7 22. Rhe5 Rxf2 23. Rxe7+ Kf8 24. Re8# 1-0

[Event "?"]
[Site "ICS rated blitz match, 208.19"]
[Date "1997.??.??"]
[Round "?"]
[White "Brause"]
[Black "GeorgeJohn"]
[Result "1-0"]
[WhiteElo "2575"]
[BlackElo "2330"]
[PlyCount "21"]

1. e4 e5 2. Nf3 Nc6 3. Nc3 Nf6 4. Nxe5 Nxe5 5. d4 Nc6 6. d5 Bb4 7. dxc6 Nxe4 8.
Qd4 Bxc3+ 9. bxc3 Qe7 10. Qxg7 Nxc3+ 11. Be3 1-0

[Event "?"]
[Site "ICS rated blitz match, 208.19"]
[Date "1997.??.??"]
[Round "?"]
[White "Brause"]
[Black "NightmovMi"]
[Result "1-0"]
[WhiteElo "2580"]
[BlackElo "1955"]
[PlyCount "71"]

1. e4 e5 2. Nf3 Nc6 3. Nc3 Nf6 4. Nxe5 Nxe5 5. d4 Nc6 6. d5 Ne5 7. f4 Ng6 8. e5
Ng8 9. d6 cxd6 10. exd6 Qb6 11. Qe2+ Kd8 12. f5 Qxd6 13. fxg6 hxg6 14. Nb5 Qe6
15. Qxe6 dxe6 16. Be3 Bd7 17. Bxa7 Rxa7 18. Nxa7 Nf6 19. Bb5 Bc5 20. Bxd7 Kxd7
21. Nb5 Kc6 22. a4 Rd8 23. Ke2 Nd5 24. Rhf1 f5 25. g3 e5 26. Rfd1 Rd7 27. c4
Nf6 28. a5 Ne4 29. a6 bxa6 30. Rxa6+ Kb7 31. Ra7+ Bxa7 32. Rxd7+ Kb6 33. Rxa7
Kc5 34. Na3 Nd6 35. Rxg7 Nxc4 36. Rc7+ 1-0

[Event "?"]
[Site "ICS rated blitz match, 208.19"]
[Date "1997.??.??"]
[Round "?"]
[White "Brause"]
[Black "DrTarrasch"]
[Result "1-0"]
[WhiteElo "2585"]
[BlackElo "2080"]
[PlyCount "49"]

1. e4 e5 2. Nf3 Nc6 3. Nc3 Nf6 4. Nxe5 Nxe5 5. d4 Nc6 6. d5 Nb8 7. e5 Ng8 8. d6
Nc6 9. Nb5 cxd6 10. exd6 Qf6 11. Nc7+ Kd8 12. Nxa8 Bxd6 13. c3 Nge7 14. Be3 b6
15. Qd2 Bb7 16. O-O-O Nc8 17. Bg5 Qxg5 18. Qxg5+ Be7 19. Qxg7 Rf8 20. Nxb6 axb6
21. Bd3 Kc7 22. Bxh7 Nd6 23. Bd3 Nd8 24. Qg3 Ne6 25. h4 1-0

[Event "?"]
[Site "ICS rated blitz match, 208.19"]
[Date "1997.??.??"]
[Round "?"]
[White "Brause"]
[Black "mercilous"]
[Result "1-0"]
[WhiteElo "2615"]
[BlackElo "1950"]
[PlyCount "29"]

1. e4 e5 2. Nf3 Nf6 3. Nc3 Nc6 4. Nxe5 Nxe5 5. d4 Nc6 6. d5 Nb8 7. e5 Ng8 8. d6
cxd6 9. exd6 Qf6 10. Nb5 Na6 11. Bc4 Kd8 12. O-O b6 13. Qd5 Rb8 14. Bg5 Qxg5
15. Qxg5+ 1-0